书目信息 |
| 题名: |
国际中文教育中文水平等级标准
|
|
| 作者: | 杨玉玲 编著 | |
| 分册: | 初等.下册 语法教学手册 | |
| 出版信息: | 北京 北京大学出版社 2025.01 |
|
| 页数: | 500页 | |
| 开本: | 29cm | |
| 丛书名: | ||
| 单 册: | ||
| 中图分类: | H195.3 | |
| 科图分类: | ||
| 主题词: | 汉语--han yu--对外汉语教学--课程标准 | |
| 电子资源: | ||
| ISBN: | 978-7-301-35490-2 | |
| 000 | 01124cam 2200277 450 | |
| 001 | CAL 012025011864 | |
| 005 | 20250924225429.52 | |
| 010 | @a978-7-301-35490-2@dCNY99.00 | |
| 099 | @aCAL 012025011864 | |
| 100 | @a20210510d2025 em y0chiy0120 ea | |
| 101 | 0 | @achi |
| 102 | @aCN@b110000 | |
| 105 | @aak z 000yy | |
| 106 | @ar | |
| 200 | 1 | @a国际中文教育中文水平等级标准@Aguo ji zhong wen jiao yu zhong wen shui ping deng ji biao zhun@i语法教学手册@h初等.下册@h上册@d= Chinese proficiency grading standards for international Chinese language education@igrammar teaching handbook@f杨玉玲编著@zeng |
| 210 | @a北京@c北京大学出版社@d2025.01 | |
| 215 | @a500页@c彩图@d29cm | |
| 300 | @a教育部中外语言交流合作中心审定 | |
| 510 | 1 | @aChinese proficiency grading standards for international Chinese language education@igrammar teaching handbook@zeng |
| 517 | 1 | @a语法教学手册@Ayu fa jiao xue shou ce |
| 606 | 0 | @a汉语@Ahan yu@x对外汉语教学@j课程标准 |
| 690 | @aH195.3@v5 | |
| 701 | 0 | @a杨玉玲@Ayang yu ling@4编著 |
| 801 | 0 | @aCN@c20250919 |
| 905 | @a河南城建学院图书馆@dH195.3@eY323:2@ZY323:2@f1 | |
| 998 | @aPUL | |
| 国际中文教育中文水平等级标准.语法教学手册.初等.下册.上册= Chinese proficiency grading standards for international Chinese language education.grammar teaching handbook/杨玉玲编著.-北京:北京大学出版社,2025.01 |
| 500页:彩图;29cm |
| 教育部中外语言交流合作中心审定 |
| ISBN 978-7-301-35490-2:CNY99.00 |
| ● |
| 相关链接 |
|
|
|
正题名:国际中文教育中文水平等级标准
索取号:H195.3/Y323:2
 
预约/预借
| 序号 | 登录号 | 条形码 | 馆藏地/架位号 | 状态 | 备注 |
| 1 | 1637718 | 216377187 | 语言库209/209语言库 78排3列4层/ [索取号:H195.3/Y323:2] | 在馆 |